Benjamín Palencia (Registro nro. 16759)

Detalles MARC
000 -LEADER
campo de control de longitud fija 01195nam a2200289 i 4500
001 - NÚMERO DE CONTROL
campo de control 16759
003 - IDENTIFICADOR DE NÚMERO DE CONTROL
campo de control ES-MaACL
005 - FECHA Y HORA DE LA ÚLTIMA TRANSACCIÓN
campo de control 20230906151406.0
007 - CAMPO FIJO DE DESCRIPCIÓN FÍSICA--INFORMACIÓN GENERAL
campo de control de longitud fija t|
008 - DATOS DE LONGITUD FIJA--INFORMACIÓN GENERAL
campo de control de longitud fija 001102s1988 sp ||||1| spa d
080 ## - NÚMERO DE LA CLASIFICACIÓN DECIMAL UNIVERSAL
Número de la Clasificación Decimal Universal 75 Palencia, Benjamín (064.3)
100 1# - ENTRADA PRINCIPAL--NOMBRE DE PERSONA
Nombre de persona Sanz Gamo, Rubí.
9 (RLIN) 103641
245 10 - MENCIÓN DEL TÍTULO
Título Benjamín Palencia
Resto del título : exposición antológica /
Mención de responsabilidad, etc. [Rubí Sanz Gamo, Mª Victoria Cadarso Vecina, Mª del Mar García Moya].
260 ## - PUBLICACIÓN, DISTRIBUCIÓN, ETC.
Lugar de publicación, distribución, etc. Zamora :
Nombre del editor, distribuidor, etc. Caja de Zamora,
Fecha de publicación, distribución, etc. [1988]
300 ## - DESCRIPCIÓN FÍSICA
Extensión 33 p. :
Otras características físicas il. col. ;
Dimensiones 30 cm.
500 ## - NOTA GENERAL
Nota general Exposición celebrada en la Caja de Zamora, 19 abril-15 mayo, 1988.
500 ## - NOTA GENERAL
Nota general En la port.: Ministerio de Cultura, Consejería de Educación y Cultura, Junta de Comunidades de Castilla-La Mancha, Museo de Albacete.
600 14 - PUNTO DE ACCESO ADICIONAL DE MATERIA--NOMBRE DE PERSONA
Nombre de persona Palencia, Benjamín-
Subdivisión de forma Exposiciones.
9 (RLIN) 88531
655 #7 - TERMINO DE INDIZACIÓN--GENERO/FORMA
Fuente del término tgfbne
9 (RLIN) 193628
Datos o término principal de género/forma Catálogos de exposiciones
700 1# - ENTRADA AGREGADA--NOMBRE PERSONAL
Nombre de persona Palencia, Benjamín.
9 (RLIN) 88530
700 1# - ENTRADA AGREGADA--NOMBRE PERSONAL
Nombre de persona Cadarso Vecina, María Victoria.
9 (RLIN) 33376
700 1# - ENTRADA AGREGADA--NOMBRE PERSONAL
Nombre de persona García Moya, María del Mar.
9 (RLIN) 55009
710 2# - ENTRADA AGREGADA--NOMBRE DE ENTIDAD CORPORATIVA
Nombre de entidad corporativa o nombre de jurisdicción como elemento de entrada Caja de Ahorros Provincial de Zamora.
9 (RLIN) 2314
852 ## - LOCALIZACIÓN
Ubicación ES-MaACL
Número de control de estantería 2155-F-17
Sublocalización o colección R.129186
942 ## - ELEMENTOS DE ENTRADA SECUNDARIOS (KOHA)
Fuente del sistema de clasificación o colocación Clasificación decimal universal
Existencias
Estatus retirado Estado de pérdida Estado de daño No para préstamo Colección Biblioteca de origen Biblioteca actual Ubicación en estantería Fecha de adquisición Fuente de adquisición Total de préstamos Signatura topográfica completa Código de barras Visto por última vez Precio de reemplazo Tipo de ítem Koha
        Colección de folletos Biblioteca del Ateneo de Madrid Biblioteca del Ateneo de Madrid Depósito folletos 17/01/2008     2155-F-17 1017022 23/02/2023 23/02/2023 Folleto